| 000 | 00385nam a2200145Ia 4500 | ||
|---|---|---|---|
| 008 | 240729s9999 xx 000 0 und d | ||
| 022 | _a1819-6357 | ||
| 245 | 0 | _aLibyan Journal of Medicine | |
| 260 | _aUnited Kingdom | ||
| 260 | _bTaylor & Francis Group | ||
| 650 | _aMedicine | ||
| 856 | _uhttps://doaj.org/toc/3d2c55c62a4c4aa79e65113e802530d8 | ||
| 942 | _2ddc | ||
| 942 | _cDOAJEJ | ||
| 999 |
_c66375 _d66375 |
||
| 945 |
_a1 _bMadushi Gamage _c1 _dMadushi Gamage |
||